|
|
|
|
| LEADER |
00000nam0a2200000 4500 |
| 001 |
236464 |
| 005 |
20231101231456.0 |
| 010 |
|
|
|a 9785392103010
|
| 035 |
|
|
|a (RuTPU)RU\TPU\book\257628
|
| 090 |
|
|
|a 236464
|
| 100 |
|
|
|a 20130424d2013 m y0rusy50 ca
|
| 101 |
0 |
|
|a rus
|
| 102 |
|
|
|a RU
|
| 105 |
|
|
|a a j 001zy
|
| 200 |
1 |
|
|a Производственный менеджмент
|e учебник для вузов
|f под ред. А. Н. Романова, В. Я. Горфинкеля, М. М. Максимцова
|
| 210 |
|
|
|a Москва
|c Проспект
|d 2013
|
| 215 |
|
|
|a 395 с.
|c ил.
|
| 320 |
|
|
|a Библиография в конце глав.
|
| 330 |
|
|
|a Рассматриваются сущность и инновационные основы производственного менеджмента. Представлены система стратегического управления компанией, формирование операционной стратегии компании, стратегии продукта и процесса, стратегии организации и обслуживания производства. Уделено внимание управлению операциями в производстве и сфере услуг. Определенное место в учебнике занимает информационное обеспечение производственного менеджмента. В заключительном разделе приведены управление произволе! ценным персоналом, а также совершенствование процессов и операций. Учебник предназначен для студентов и аспирантов высших учебных заведений, менеджеров и экономистов предприятий.
|
| 606 |
1 |
|
|a Производственный менеджмент
|2 stltpush
|3 (RuTPU)RU\TPU\subj\68602
|9 83809
|
| 610 |
1 |
|
|a предприятия
|
| 610 |
1 |
|
|a предпринимательская деятельность
|
| 610 |
1 |
|
|a операционный менеджмент
|
| 610 |
1 |
|
|a компании
|
| 610 |
1 |
|
|a стратегическое управление
|
| 610 |
1 |
|
|a продукт
|
| 610 |
1 |
|
|a продукция
|
| 610 |
1 |
|
|a процессорные технологии
|
| 610 |
1 |
|
|a предприятия
|
| 610 |
1 |
|
|a размещение
|
| 610 |
1 |
|
|a организация производства
|
| 610 |
1 |
|
|a обслуживание производства
|
| 610 |
1 |
|
|a информационное обеспечение
|
| 610 |
1 |
|
|a дистанционное образование
|
| 610 |
1 |
|
|a экономическое образование
|
| 610 |
1 |
|
|a персонал
|
| 610 |
1 |
|
|a совершенствование
|
| 610 |
1 |
|
|a реструктуризация
|
| 610 |
1 |
|
|a изменения
|
| 610 |
1 |
|
|a факторинг
|
| 610 |
1 |
|
|a учебники
|
| 686 |
|
|
|a У9(2)29-2я73
|v LBC/SL-A
|2 rubbk
|
| 702 |
|
1 |
|a Романов
|b А. Н.
|4 340
|
| 702 |
|
1 |
|a Горфинкель
|b В. Я.
|4 340
|
| 702 |
|
1 |
|a Максимцов
|b М. М.
|4 340
|
| 801 |
|
1 |
|a RU
|b 63413507
|c 20130424
|
| 801 |
|
2 |
|a RU
|b 63413507
|c 20150528
|g RCR
|
| 900 |
|
|
|a Производственный менеджмент
|
| 942 |
|
|
|c BK
|
| 959 |
|
|
|a 43/20130221
|d 5
|e 300,00
|f ЧЗГЛ:1
|f АНЛ:1
|f УФ:3
|